00249nam a2200109Ia 4500100002200000654001500022245002600037260004100063082001500104300000800119546001200127 aHirano/ Hiroyuki  aRevolution aJIT fatory revolution bProduction Pres IncaCambridgec1988 a658.5bHIR a208 aENGLISH